Most Guessed Chinese Provinces - Statistics

General Stats
  • This quiz has been taken 22 times
  • The average score is 7 of 10
Answer Stats
% Guessed Type of Subdivision Answer % Correct
81% Special Region Hong Kong
95%
93% Municipality Beijing
90%
87% Municipality Shanghai
90%
86% Autonomous Region Tibet
90%
69% Special Region Macau
81%
78% Autonomous Region Inner Mongolia
71%
62% Province Guangdong
67%
61% Province Sichuan
57%
66% Province Hainan
52%
64% Autonomous Region Xinjiang Uyghur
10%
No matching quizzes found
Score Distribution
Percent of People with Each Score
Percentile by Number Answered
Your Score History
You have not taken this quiz